The translation studies reader
he Translation Studies Reader provides a definitive survey of the most important and influential developments in translation theory and research, with an emphasis on twentieth-century developments. With introductory essays prefacing each section, the book places a wide range of seminal and innovativ...
Shranjeno v:
| Format: | Knjiga |
|---|---|
| Jezik: | Undetermined |
| Izdano: |
London
Routledge
2000
|
| Teme: | |
| Oznake: |
Označite
Brez oznak, prvi označite!
|
| Thư viện lưu trữ: | Trung tâm Học liệu Trường Đại học Cần Thơ |
|---|
| LEADER | 00978nam a2200205Ia 4500 | ||
|---|---|---|---|
| 001 | CTU_238742 | ||
| 008 | 210402s9999 xx 000 0 und d | ||
| 082 | |a 418.03 | ||
| 082 | |b T772 | ||
| 245 | 4 | |a The translation studies reader | |
| 245 | 0 | |c Edited by: Lawrence Venuti ; Mona Baker (Advisory editor) | |
| 260 | |a London | ||
| 260 | |b Routledge | ||
| 260 | |c 2000 | ||
| 520 | |a he Translation Studies Reader provides a definitive survey of the most important and influential developments in translation theory and research, with an emphasis on twentieth-century developments. With introductory essays prefacing each section, the book places a wide range of seminal and innovative readings within their thematic, cultural and historical contexts. | ||
| 526 | |a Biên dịch môi trường | ||
| 526 | |b XN319 | ||
| 650 | |a Biên dịch và phiên dịch,Translating and interpreting | ||
| 910 | |b vtbtruc | ||
| 980 | |a Trung tâm Học liệu Trường Đại học Cần Thơ | ||